Manual práctico para elaborar proyectos sociales

Salvato in:
Dettagli Bibliografici
Autori principali: García Herrero, Gustavo A (Autore), Ramírez Navarro, José Manuel (Autore)
Natura: Libro
Lingua:spagnolo
Pubblicazione: Madrid Consejo General de Colegios de Diplomados de Trabajos Sociales 2009
Madrid Siglo Veintiuno de España Editores S. A 2009
Edizione:2a. ed
Soggetti:
Tags: Aggiungi Tag
Nessun Tag, puoi essere il primo ad aggiungerne!!

MARC

LEADER 00000cam a2200000 a 4500
001 UCF5442
003 CL-VaPUC
008 130307e20090300SP |||||||||||||||||spa|d
020 |a 9788432313806 
082 0 4 |a 361.25  |b GAR  |2 21 
100 |a García Herrero, Gustavo A  |e author  |9 567365 
700 0 |a Ramírez Navarro, José Manuel  |e author  |9 567366 
245 1 0 |a Manual práctico para elaborar proyectos sociales 
250 |a 2a. ed 
300 |a 233 p 
942 |c BK 
945 |d 20130307 00:00:00  |a dcastane 
260 |a Madrid  |b Consejo General de Colegios de Diplomados de Trabajos Sociales  |c 2009 
260 |a Madrid  |b Siglo Veintiuno de España Editores S. A  |c 2009 
650 7 |a ELABORACION DE PROYECTOS  |2 CL-VaPUC  |9 263839 
650 0 |a Evaluación de proyectos   |9 259341 
650 7 |a PROYECTOS SOCIALES  |2 CL-VaPUC  |9 361906 
650 7 |a PLANIFICACION  |2 CL-VaPUC  |9 260802 
650 7 |a FLUJOGRAMAS  |2 CL-VaPUC  |9 263749 
583 |a last modification  |c 20130307 11:37:00  |k Rodrigo Vera 
999 |c 350982  |d 350980 
952 |0 0  |1 0  |4 0  |6 361_250000000000000_GAR_2009_2009  |7 0  |8 A  |9 454815  |a BIBING  |b BIBING  |d 2019-11-22  |i 4953037  |o 361.25 GAR 2009 2009  |p 4953037  |r 2025-01-20  |w 2019-11-22  |y BK  |k GEO